All current F1 drivers (2025) - Statistics

General Stats
  • This quiz has been taken 255 times
  • The average score is 17 of 20
Answer Stats
Hint Answer % Correct
Redbull Max Verstappen
99%
Ferrari Lewis Hamilton
98%
McLaren Lando Norris
96%
Ferrari Charles Leclerc
95%
McLaren Oscar Piastri
94%
Mercedes George Russell
90%
Aston Martin Fernando Alonso
89%
Racing Bulls Yuki Tsunoda
89%
Mercedes Andrea Kimi Antonelli
87%
Aston Martin Lance Stroll
86%
Redbull Liam Lawson
86%
Williams Carlos Sainz
85%
Alpine Pierre Gasly
79%
Kick Sauber Nico Hulkenberg
78%
Haas Oliver Bearman
77%
Haas Esteban Ocon
76%
Williams Alexander Albon
74%
Racing Bulls Isack Hadjar
73%
Kick Sauber Gabriel Bortoleto
64%
Alpine Jack Doohan
63%
No matching quizzes found
Score Distribution
Percent of People with Each Score
Percentile by Number Answered
Your Score History
You have not taken this quiz